000 01135nam a2200265 a 4500
001 000007601
005 20250207130002.0
008 090909s1885 dr ad 000 0 spa d
040 _aDO-SdBNP
_bspa
_cBNPHU
082 _a305.42
_bC748m
111 1 _aConferencia-Taller "Mujer rural hoy y mañana"
_d(1985 : 2-4 jul. :
_cSanto Domingo, República Dominicana)
_921069
245 1 0 _aMujer rural, hoy mañana, ponencias, paneles, conclusiones generales y de talleres /
_cpresentación Luz M. Abreu L.
260 _aSanto Domingo :
_bMUDE,
_c1885.
300 _a281 p. :
_bil., tabls. ;
_c21 cm.
504 _aBibliografía: p. 223
590 _aInventariado, 2018/MFF
650 0 _aMujeres en República Dominicana
_92066
650 0 _aMujeres en desarrollo rural
_921070
650 4 _aMujeres campesinas
_zRepública Dominicana
_xCongresos, conferencias, etc.
_921071
650 4 _aMujeres
_zRepública Dominicana
_xCondiciones sociales
_921072
650 4 _aMujeres en el desarrollo social
_921073
700 1 _aAbreu L., Luz M.
_921074
710 2 _aMujeres en Desarrollo Dominicana
_921075
910 _aValidado. Control de calidad EMS
999 _c7381
_d7381